Developing leaders the ten key principles
| Main Author: | |
|---|---|
| Format: | Book |
| Language: | English |
| Published: |
Guildford
Talbot Adair Press
1988
|
| Subjects: |
| LEADER | 00536cam a2200193 a 4500 | ||
|---|---|---|---|
| 001 | 0000091758 | ||
| 005 | 20120528090000.0 | ||
| 040 | |a mod | ||
| 041 | |a eng | ||
| 020 | 0 | 0 | |a 0951183567 |
| 090 | 0 | 0 | |a 658.4092 |b ADA |e 1988 |
| 100 | 1 | 0 | |a Adair |h John |
| 245 | 1 | 0 | |a Developing leaders |b the ten key principles |c by John Adair |
| 260 | 0 | 0 | |a Guildford |b Talbot Adair Press |c 1988 |
| 300 | 0 | 0 | |a 217 p. |c 22 cm |
| 650 | 0 | 0 | |a Leadership |
| 650 | 0 | 0 | |a Management |
| 852 | 0 | 0 | |a 01 |
| 999 | |a 1000004077 |b Maktab Pertahanan Angkatan Tentera |d BOOKS |e Umum |f MPAT |j AVAILABLE |q OLD | ||